000 00775nam a2200229 a 4500
001 BRCA_5635
005 20190320205149.0
008 210211t1924----mx-ao#####---#000-0#spa-#
041 _aspa
044 _amx
050 4 _aNA5257.M4
_b.I45 2 1924
245 1 0 _aIglesias de México
_bv.2. Catedral
_ctexto de Manuel Touissaint ; texto y dibujos del Dr. Atl ; fotografías de Kahlo.
260 _aMéxico
_bCultura
_c1924
300 _a101 p.
_bil., 129 láminas, fotografías
_c42 cm.
500 _aVer también F112 (v.1), F114 (v.3), F115 (v.4), F116 (v.5), F117 (v.6) y N.S. 177 (6 v.)
500 _aF113
650 1 4 _aIglesias
_zMéxico
_94471
650 1 4 _aArquitectura religiosa
_zMéxico
_924
700 1 _aTouissant, Manuel
_914344
902 _aGFM
942 _2lcc
_cB
999 _c5329
_d5329